000 00343nam a2200133Ia 4500
003 GCL
008 140319s9999 xx 000 0 ara d
040 _aGCL /
_cGCL
082 0 4 _a338.9
_bأ ت
245 1 0 _aفى التنمية العربة
260 _a[S.N] :
_bدار المستقبل العربى ،
_c1983
300 _a185 ص
490 _a
999 _c34881
_d34881